000 00610nam a2200217 i 4500
001 C2-0221989
003 PPAK
005 20180728151338.0
008 991207s1983 my a|||| ||||| | may d
020 _a9766702013
040 _aPPAK
_beng
_cPPAK
_erda
082 0 4 _a915.0076
_223
090 0 0 _a915.0076
_bBUK
_dKAH
245 0 0 _aBuku kerja intensif geografi tingkatan 3
264 1 _aSelangor :
_bPustaka Delta Pelajaran ,
_c1983
300 _av, 136 pages :
_billustrations ;
_c25 cm
336 _2rdacontent
_atext
337 _2rdamedia
_aunmediated
338 _2rdacarrier
_avolume
942 _ddc
_cB
999 _c143462
_d143462